000 00391nam a2200169Ia 4500
001 15893
003 IN-NITTTR
005 20251114233150.0
008 251113s9999||||xx |||||||||||||| ||eng||
040 _beng
040 _cIN-NITTTR
041 _aeng
082 _a615 R284
100 _aOsol, Arthur
245 0 _aRemington's pharmaceutical sciences. /
_cOsol, Arthur
942 _2ddc
_cBK
999 _c18527
_d18527